000
00267nam a2200121Ia 4500
008
190216s9999||||xx |||||||||||||| ||und||
100
_a
Ireland G W
245
0
_a
Guide
260
_b
Oliver And Boyd
_c
1963
300
_a
112
650
_a
English Stories
942
_c
BK
999
_c
12461
_d
12461